000 00640nam a2200241Ia 4500
003 OSt
005 20221005083928.0
006 a|||||r|||| 00| 0
007 ta
008 221004b |||||||| |||| 00| 0 eng d
024 _a74004
037 _cTextual
040 _aCRL
_cCRL
_beng
041 _2eng
_aeng
082 _aO111,2J72,V, K2
100 _aKernan Alvin B Ed.
245 0 _aBen Joson
_b Volpone
260 _aNew Haven
_bYale University Press
_c1962
300 _a231p.
_ccm.
650 _aENGLISH LITERATURE
942 _hO111,2J72,V, K2
_cTEXL
_2cc
999 _c991770
_d991770